| 000 | 01279nam1a2200313 i 4500 | ||
|---|---|---|---|
| 001 | RU\NLR\bibl\485210 | ||
| 005 | 20260405093626.0 | ||
| 035 | _a(NLR Aleph) 000477932 | ||
| 090 |
_a1035196 _c1035196 |
||
| 100 | _a20040131g20039999d y0rusy50 ca | ||
| 101 | 0 | _arus | |
| 102 | _aRU | ||
| 105 | _a||||z ||||| | ||
| 200 | 1 |
_aСовременный урок естествознания (природоведения) _e5-6 кл. _eИз опыта работы учителей моск. шк. _e[Сб. метод. разраб. _fАвт.-сост.: Павленко Н.И.] |
|
| 210 |
_aМ. _cШк. пресса _d2003 |
||
| 215 | _d23 | ||
| 225 | 1 |
_aБиология в школе _eБ-ка журн. _v... |
|
| 225 | 1 | _aЕстествознание | |
| 463 | 0 | _1001483374 | |
| 463 | 0 | _1001583357 | |
| 606 | 0 |
_aЕстествознание _xПреподавание _xСредняя школа _91239141 _3RU\NLR\auth\66506078 |
|
| 686 | _aЧ426.44-2 | ||
| 702 | 1 |
_4220 _8rus _7ca _aПавленко _bН. И. _cпедагог-методист _gНаталья Ивановна _3RU\NLR\auth\7734525 _917528 |
|
| 801 | 0 |
_aRU _bNLR _c20040131 _gPSBO |
|
| 801 | 1 |
_aRU _bNLR _c20040131 |
|
| 830 | _aСост. по кн. | ||
| 852 |
_aNLR _j2004-7/300 |
||
| 942 | _cBOOK | ||